[Event "Challenge"]
[Site "http://www.queenalice.com/game.php?id=1626568"]
[Date "2020.9.11"]
[Round "-"]
[White "cro_kramnik"]
[Black "Cerberus"]
[Result "1-0"]
[WhiteElo "2682"]
[BlackElo "2721"]

1. e4 g5 2. d4 g4 3. Nc3 Bg7 4. Be3 d6 5. Qd2 c6 6. h3 h5 7. hxg4 hxg4 8. Rxh8
Bxh8 9. O-O-O Nd7 10. Be2 Nf8 11. Kb1 b5 12. Bd3 Qa5 13. f4 b4 14. Nce2 f5 15.
e5 Rb8 16. Ng3 e6 17. N1e2 Ne7 18. Rh1 Bg7 19. Nc1 Nd5 20. Qe1 Kf7 21. Nh5 Bh8
22. Qh4 Qc7 23. Bf2 Qe7 24. Qh2 Ng6 25. Bc4 Bb7 26. Nb3 Qc7 27. Nf6 Bxf6 28.
Qh7+ Bg7 29. Bxd5 cxd5 30. Rh6 Rh8 31. Qxg6+ Kf8 32. Rxh8+ Bxh8 33. Qxe6 Bc8 34.
Qg6 Bg7 35. Bh4 dxe5 36. fxe5 Qf7 37. Qd6+ Kg8 38. Nc5 Qh5 39. Qd8+ Kh7 40. a4
f4 41. Qxc8 Qxh4 42. Qf5+ Kh8 43. Ne6 Bh6 44. Nxf4 Qe1+ 45. Ka2 Bxf4 46. Qh5+
Kg8 47. Qxg4+ Kh7 48. Qxf4 Qe4 49. Qxe4+ dxe4 50. Kb1 1-0

[Event "Challenge"]
[Site "http://www.queenalice.com/game.php?id=1626569"]
[Date "2020.9.11"]
[Round "-"]
[White "Cerberus"]
[Black "cro_kramnik"]
[Result "0-1"]
[WhiteElo "2712"]
[BlackElo "2691"]

1. g4 d5 2. Bg2 c6 3. c4 dxc4 4. Na3 Bxg4 5. Nxc4 Nd7 6. Nf3 Ngf6 7. d4 g6 8.
Qb3 Nb6 9. Ng5 Nxc4 10. Qxc4 e6 11. O-O Bg7 12. f3 Bh5 13. e4 O-O 14. Be3 h6 15.
Nh3 g5 16. a4 Bg6 17. Rfd1 a5 18. Nf2 Nh5 19. Nd3 Qc7 20. Rd2 Rfd8 21. Rad1 Qb6
22. Nc5 Qc7 23. Nd3 Qb6 24. Nc5 Bf8 25. Bf1 Kh7 26. Rd3 Qc7 27. Rb3 Rab8 28. Nd3
Bg7 29. Be2 Bf6 30. Kh1 b6 31. Bf2 Rbc8 32. Be3 c5 33. dxc5 bxc5 34. Nxc5 Nf4
35. Rb5 Rxd1+ 36. Bxd1 Qd6 37. Bc2 Kg8 38. Bb3 Bh5 39. Qf1 Rd8 40. e5 Bxe5 41.
Ne4 Qd3 42. Qxd3 Bxf3+ 43. Kg1 Nxd3 44. Nd2 Be2 45. Bc4 Bd4 46. Nf1 Bxf1 47.
Kxf1 Nxb2 48. Bxd4 Rxd4 49. Bxe6 fxe6 50. Rxb2 Rxa4 51. Ke2 Rb4 52. Ra2 a4 53.
Kd3 Kf7 54. Kd2 e5 55. Kd3 Kf6 56. Kd2 Kf5 57. Ke2 Rf4 58. Ra1 g4 0-1

[Event "Challenge"]
[Site "http://www.queenalice.com/game.php?id=1643946"]
[Date "2021.2.17"]
[Round "-"]
[White "cro_kramnik"]
[Black "Alsina"]
[Result "1/2-1/2"]
[WhiteElo "2725"]
[BlackElo "2672"]

1. d4 Nf6 2. c4 g6 3. Nc3 d5 4. Nf3 Bg7 5. Qb3 dxc4 6. Qxc4 O-O 7. e4 a6 8. Be2
b5 9. Qb3 c5 10. dxc5 Bb7 11. e5 Nfd7 12. Be3 e6 13. O-O Qc7 14. Rad1 Nxc5 15.
Qa3 Ncd7 16. Qe7 Rc8 17. a4 bxa4 18. Nxa4 h6 19. Qh4 Nc6 20. Bxh6 Ncxe5 21. Ng5
Nf6 22. Rd4 Qc2 23. Bxg7 Kxg7 24. Bd1 Qc7 25. Rf4 Qe7 26. Rxf6 Qxf6 27. Qh7+ Kf8
28. Qh4 Kg7 1/2-1/2

[Event "Challenge"]
[Site "http://www.queenalice.com/game.php?id=1643947"]
[Date "2021.2.17"]
[Round "-"]
[White "Alsina"]
[Black "cro_kramnik"]
[Result "0-1"]
[WhiteElo "2673"]
[BlackElo "2724"]

1. d4 Nf6 2. Bf4 g6 3. Nc3 d5 4. Nb5 Na6 5. e3 Bg7 6. Nf3 O-O 7. h3 c6 8. Nc3
Nc7 9. Be2 Nce8 10. a4 a5 11. O-O Nd6 12. Re1 b6 13. Be5 Bb7 14. Nd2 Rc8 15. Bf3
e6 16. e4 Nfe8 17. Bxg7 Nxg7 18. e5 Ndf5 19. Nb3 f6 20. Bg4 Nh4 21. g3 Nhf5 22.
Qe2 Qe7 23. Kg2 fxe5 24. Qxe5 h5 25. Be2 Nd6 26. Bd3 c5 27. dxc5 bxc5 28. Nxa5
Ba8 29. Kg1 Nf7 30. Nxd5 Qd8 31. Nf6+ Kh8 32. Qc3 Ng5 0-1

[Event "Challenge"]
[Site "http://www.queenalice.com/game.php?id=1759356"]
[Date "2021.5.13"]
[Round "-"]
[White "Alsina"]
[Black "cro_kramnik"]
[Result "0-1"]
[WhiteElo "2579"]
[BlackElo "2731"]

1. e4 c5 2. Nf3 d6 3. d4 cxd4 4. Nxd4 Nf6 5. Nc3 g6 6. Be2 Bg7 7. O-O O-O 8. Be3
Nc6 9. Nb3 Be6 10. f4 Qc8 11. Kh1 Rd8 12. Bg1 d5 13. e5 Ne4 14. Bd3 f6 15. exf6
exf6 16. Nb5 Bg4 17. Be2 Bxe2 18. Qxe2 a6 19. N5d4 f5 20. c3 Re8 0-1

[Event "Challenge"]
[Site "http://www.queenalice.com/game.php?id=1759357"]
[Date "2021.5.13"]
[Round "-"]
[White "cro_kramnik"]
[Black "Alsina"]
[Result "1-0"]
[WhiteElo "2736"]
[BlackElo "2574"]

1. e4 e5 2. Nf3 Nc6 3. d4 exd4 4. Bc4 Nf6 5. e5 d5 6. Bb5 Ne4 7. Nxd4 Bd7 8.
Bxc6 bxc6 9. O-O Be7 10. f3 Nc5 11. f4 Ne4 12. Nc3 Nxc3 13. bxc3 c5 14. Nb3 c4
15. Nd4 c5 16. Ne2 Bc6 17. f5 d4 18. f6 1-0

[Event "Challenge"]
[Site "http://www.queenalice.com/game.php?id=1767290"]
[Date "2021.8.19"]
[Round "-"]
[White "cro_kramnik"]
[Black "Cuxtal"]
[Result "1/2-1/2"]
[WhiteElo "2741"]
[BlackElo "2777"]

1. e4 e5 2. Nf3 Nc6 3. d4 exd4 4. Bc4 Bb4+ 5. c3 dxc3 6. bxc3 Ba5 7. O-O Bb6 8.
e5 Nge7 9. Ba3 O-O 10. Re1 h6 11. Bb3 Re8 12. Nbd2 Na5 13. Bc2 d6 14. exd6 cxd6
15. Ne4 Nc4 16. Qd3 Bf5 17. Qxc4 d5 18. Qa4 1/2-1/2

[Event "Challenge"]
[Site "http://www.queenalice.com/game.php?id=1767291"]
[Date "2021.8.19"]
[Round "-"]
[White "Cuxtal"]
[Black "cro_kramnik"]
[Result "1/2-1/2"]
[WhiteElo "2776"]
[BlackElo "2742"]

1. d4 Nf6 2. c4 g6 3. Nc3 Bg7 4. e4 d6 5. h3 O-O 6. Be3 e5 7. d5 a5 8. g4 Na6 9.
Nge2 h5 10. Qd2 Nc5 11. f3 Bd7 12. O-O-O a4 13. Rg1 a3 14. b3 Kh7 15. Kc2 Rh8
16. Nc1 Kg8 17. Nd3 Nxd3 1/2-1/2

[Event "Challenge"]
[Site "http://www.queenalice.com/game.php?id=1769377"]
[Date "2021.9.10"]
[Round "-"]
[White "cro_kramnik"]
[Black "trill"]
[Result "1/2-1/2"]
[WhiteElo "2743"]
[BlackElo "2760"]

1. d4 Nf6 2. c4 e6 3. Nf3 d5 4. g3 dxc4 5. Bg2 a6 6. O-O Nc6 7. Nc3 Rb8 8. e4
Be7 9. Qe2 b5 10. Rd1 O-O 11. d5 exd5 12. e5 d4 13. exf6 Bxf6 14. Ne4 Be7 15. b3
d3 16. Qe3 Re8 17. Bb2 f5 18. Neg5 Ba3 19. Qc1 Bxb2 20. Qxb2 h6 21. Nh3 g5 22.
bxc4 bxc4 1/2-1/2

[Event "Challenge"]
[Site "http://www.queenalice.com/game.php?id=1769378"]
[Date "2021.9.10"]
[Round "-"]
[White "trill"]
[Black "cro_kramnik"]
[Result "1/2-1/2"]
[WhiteElo "2760"]
[BlackElo "2743"]

1. e4 c5 2. Nf3 d6 3. d4 cxd4 4. Nxd4 Nf6 5. Nc3 g6 6. Be3 Bg7 7. f3 O-O 8. Qd2
Nc6 9. O-O-O d5 10. Qe1 e5 11. Nxc6 bxc6 12. exd5 Nxd5 13. Bc4 Be6 14. Kb1 a5
15. h4 Rb8 16. Ne4 f5 17. Ng5 Re8 18. b3 a4 19. h5 gxh5 20. Nxe6 Rxe6 21. Rxh5
Kh8 22. Bc5 1/2-1/2

[Event "Challenge"]
[Site "http://www.queenalice.com/game.php?id=1773332"]
[Date "2021.10.27"]
[Round "-"]
[White "cro_kramnik"]
[Black "Cuxtal"]
[Result "1/2-1/2"]
[WhiteElo "2743"]
[BlackElo "2769"]

1. e4 c5 2. Nf3 d6 3. d4 cxd4 4. Nxd4 Nf6 5. Nc3 a6 6. h3 e5 7. Nde2 h5 8. g3
Be6 9. Bg2 b5 10. O-O Nbd7 11. a4 b4 12. Nd5 Nxd5 13. exd5 Bf5 14. Bd2 Rb8 15.
Qe1 Be7 16. Bxb4 Nf6 17. c3 a5 18. Ba3 Qd7 19. Kh2 Bd3 20. Qd2 Bc4 21. Rfe1
1/2-1/2

[Event "Challenge"]
[Site "http://www.queenalice.com/game.php?id=1773333"]
[Date "2021.10.27"]
[Round "-"]
[White "Cuxtal"]
[Black "cro_kramnik"]
[Result "1/2-1/2"]
[WhiteElo "2768"]
[BlackElo "2744"]

1. d4 Nf6 2. Bg5 Ne4 3. Bf4 c5 4. f3 Qa5+ 5. c3 Nf6 6. d5 Qb6 7. Bc1 e6 8. e4
exd5 9. exd5 d6 10. a4 Be7 11. Ne2 O-O 12. Ng3 Re8 13. Be2 h5 14. O-O Qd8 15.
Na3 h4 16. Ne4 Nbd7 17. Ng5 Nh7 18. Nxh7 Kxh7 19. g4 hxg3 20. hxg3 Kg8 1/2-1/2

[Event "Challenge"]
[Site "http://www.queenalice.com/game.php?id=1785017"]
[Date "2022.3.16"]
[Round "-"]
[White "cro_kramnik"]
[Black "acid"]
[Result "1/2-1/2"]
[WhiteElo "2744"]
[BlackElo "2758"]

1. d4 d5 2. c4 c6 3. Nc3 Nf6 4. e3 e6 5. Nf3 Nbd7 6. Qc2 Bd6 7. Bd3 O-O 8. O-O
dxc4 9. Bxc4 a6 10. Rd1 b5 11. Bd3 Bb7 12. Ng5 h6 13. Nge4 Bb8 14. b4 a5 15.
bxa5 Qxa5 16. Bd2 Qc7 17. g3 Ng4 18. f3 Ngf6 19. Rdc1 Rc8 20. Kg2 Qd8 21. Qb3 c5
22. Nxf6+ Nxf6 23. Nxb5 1/2-1/2

[Event "AUTO-ELITE-2401"]
[Site "http://www.queenalice.com/game.php?id=1785172"]
[Date "2022.3.19"]
[Round "1"]
[White "cro_kramnik"]
[Black "Donidon"]
[Result "1-0"]
[WhiteElo "2744"]
[BlackElo "2321"]

1. e4 e5 2. Nf3 Nc6 3. d4 exd4 4. Bc4 Nf6 5. e5 Ne4 6. Qe2 Nc5 7. c3 dxc3 8.
Nxc3 Ne6 9. O-O Bc5 10. Rd1 O-O 11. Ne4 Be7 12. a3 d6 13. b4 a6 14. Qe3 h6 15.
Bb2 b5 16. Bd5 Bb7 17. Nf6+ Kh8 18. Nh5 dxe5 19. Bxc6 Bxc6 20. Rxd8 Raxd8 21.
Nxe5 Be8 22. Ng6+ fxg6 23. Qxe6 1-0

[Event "AUTO-ELITE-2401"]
[Site "http://www.queenalice.com/game.php?id=1785173"]
[Date "2022.3.19"]
[Round "1"]
[White "Donidon"]
[Black "cro_kramnik"]
[Result "0-1"]
[WhiteElo "2313"]
[BlackElo "2746"]

1. e4 c5 2. Nf3 Nc6 3. d4 cxd4 4. Nxd4 Nf6 5. Nc3 e5 6. Ndb5 d6 7. Bg5 a6 8.
Bxf6 gxf6 9. Na3 b5 10. Nd5 f5 11. exf5 Bxf5 12. Ne3 Be6 13. c3 d5 14. Be2 Bg7
15. O-O O-O 16. Bg4 f5 17. Bh3 d4 18. cxd4 exd4 19. Nec2 d3 20. Ne3 Qd7 21. Nec2
b4 22. Nxb4 Nxb4 23. Qd2 Rab8 24. Rab1 Bxa2 25. Rbc1 Qd4 26. Qg5 Nd5 27. Bxf5
Qe5 28. g4 Nf4 29. Bxh7+ Kxh7 30. Qxe5 Bxe5 0-1

[Event "AUTO-ELITE-2401"]
[Site "http://www.queenalice.com/game.php?id=1797143"]
[Date "2022.9.29"]
[Round "2"]
[White "Canuma"]
[Black "cro_kramnik"]
[Result "1/2-1/2"]
[WhiteElo "2717"]
[BlackElo "2747"]

1. e4 c5 2. Nf3 Nc6 3. Bb5 g6 4. O-O Bg7 5. c3 Nf6 6. Re1 O-O 7. d4 d5 8. e5 Ne4
9. Bxc6 bxc6 10. Nbd2 cxd4 11. cxd4 c5 12. dxc5 Nxc5 13. Nb3 Nxb3 14. Qxb3 Bg4
15. Nd4 Qb6 16. Qxb6 axb6 17. h3 Bd7 18. b3 Rfc8 19. f4 e6 20. Kf2 Bf8 21. Bb2
1/2-1/2

[Event "AUTO-ELITE-2401"]
[Site "http://www.queenalice.com/game.php?id=1797144"]
[Date "2022.9.29"]
[Round "2"]
[White "cro_kramnik"]
[Black "Canuma"]
[Result "1/2-1/2"]
[WhiteElo "2748"]
[BlackElo "2716"]

1. e4 c6 2. d4 d5 3. e5 Bf5 4. h4 h5 5. Bd3 Bxd3 6. Qxd3 e6 7. Bg5 Be7 8. Nf3
Nh6 9. Bxh6 Rxh6 10. Nbd2 c5 11. dxc5 Na6 12. Nb3 Nxc5 13. Nxc5 Qa5+ 14. c3 Qxc5
15. O-O Rg6 16. Kh2 Rc8 17. g3 Qc4 18. Qxc4 Rxc4 19. Rfe1 b5 20. a3 Kd7 21. Kg2
1/2-1/2

[Event "AUTO-ELITE-2401"]
[Site "http://www.queenalice.com/game.php?id=1797145"]
[Date "2022.9.29"]
[Round "2"]
[White "Sexxy_Bunny"]
[Black "cro_kramnik"]
[Result "1/2-1/2"]
[WhiteElo "2812"]
[BlackElo "2746"]

1. e4 c5 2. Nf3 Nc6 3. d4 cxd4 4. Nxd4 Nf6 5. Nc3 e5 6. Ndb5 d6 7. Bg5 a6 8. Na3
b5 9. Nd5 Be7 10. Bxf6 Bxf6 11. c3 O-O 12. Nc2 Bg5 13. a4 bxa4 14. Rxa4 a5 15.
Bc4 Rb8 16. b3 Kh8 17. O-O f5 18. exf5 Bxf5 19. Nce3 Bg6 20. Bd3 Bxd3 21. Qxd3
Bxe3 22. fxe3 Rxf1+ 23. Qxf1 Rxb3 24. Rc4 Rb5 25. Nc7 Rb6 26. Nd5 Rb5 27. e4 Rc5
28. Rxc5 dxc5 29. Qa6 Nb8 30. Qa8 h5 31. h3 Kh7 32. Kf2 h4 33. Kg1 Kg6 34. Kf1
Kh6 35. Ke2 c4 36. Ne3 Qd3+ 37. Kf3 Qd8 38. Ke2 Qd3+ 39. Kf3 Qd8 40. Ke2 1/2-1/2

[Event "AUTO-ELITE-2401"]
[Site "http://www.queenalice.com/game.php?id=1797146"]
[Date "2022.9.29"]
[Round "2"]
[White "cro_kramnik"]
[Black "Sexxy_Bunny"]
[Result "1/2-1/2"]
[WhiteElo "2747"]
[BlackElo "2811"]

1. e4 c5 2. Nf3 d6 3. d4 cxd4 4. Nxd4 Nf6 5. Nc3 a6 6. h3 e5 7. Nde2 h5 8. g3
Be6 9. Bg2 Nbd7 10. a4 Be7 11. O-O Rc8 12. Be3 Nb6 13. b3 d5 14. Bxb6 Qxb6 15.
Nxd5 Nxd5 16. exd5 Bd7 17. a5 Qd6 18. c4 f5 19. Nc3 e4 20. Na4 Bxa4 21. Rxa4 g6
22. Qe1 h4 23. f3 O-O 24. Ra2 Qe5 25. fxe4 fxe4 26. Rxf8+ Bxf8 27. Re2 Bc5+ 28.
Kh1 e3 29. b4 Bd4 30. c5 hxg3 31. Qb1 Kg7 32. Qe4 Qxe4 33. Bxe4 Bc3 34. Rxe3
Bxb4 35. Rb3 Bxc5 36. Rxg3 Kf7 37. Rxg6 Rh8 38. Kg2 Rg8 39. Rxg8 Kxg8 40. Bf5
Kf7 41. Bc8 Kf6 42. Bxb7 Kg5 43. Bc8 Kh4 44. Bxa6 Bb4 45. d6 1/2-1/2